Había una vez un [barco] / (Registro nro. 14501)
[ vista simple ]
| 000 -LIDER | |
|---|---|
| fixed length control field | 00846nam a22002897a 4500 |
| 001 - NÚMERO DE CONTROL | |
| Identificador de número de control | 000703 |
| 003 - IDENTIFICACDOR DE NÚMERO DE CONTROL | |
| control field | DO-SdBNP |
| 005 - DATE AND TIME OF LATEST TRANSACTION | |
| control field | 20240307115523.0 |
| 007 - CAMPOS FIJOS DE DESCRIPCIÓN FÍSICA | |
| fixed length control field | 000703 |
| 008 - ELEMENTOS DE LONGITUD FIJA | |
| fixed length control field | 161115b 2018 ag a 00| 0 spa d |
| 020 ## - ISBN | |
| International Standard Book Number | 9789945197969 |
| 040 ## - FUENTE DE CATALOGACIÓN | |
| Agencia que crea de manera original el registro | BPMSU |
| Idioma de catalogación | spa |
| Agencia que realiza la transcripción | BPMSU |
| 082 #4 - NÚMERO DE CLASIFICACIÓN DECIMAL DE DEWEY | |
| Classification number | A863.6 |
| Item number | M779h 2018 |
| Edition number | 22 |
| 100 1# - ASIENTO PRINCIPAL -- NOMBRE PERSONAL | |
| Nombre personal | Montes, Graciela |
| 245 10 - MENCIÓN DE TITULO | |
| Título | Había una vez un [barco] / |
| Mención de responsabilidad | Graciela Montes, Juan Lima. |
| 260 ## - PUBLICACIÓN, DISTRIBUCIÓN, ETC. (PIE DE IMPRENTA) | |
| Lugar de publicación, distribución, etc | Santo Domingo : |
| Nombre del editor, distribuidor, etc. | Grupo Santillana, |
| Fecha de publicación, distribución, etc | 2018 |
| 300 ## - DESCRIPCIÓN FÍSICA | |
| Extensión | [26] p. : |
| Otros detalles físicos | il. ; |
| Dimensiones | 17 cm. |
| 490 0# - MENCIÓN DE SERIES | |
| Mención de serie | Pictocuentos. |
| 500 ## - NOTA GENERAL | |
| Nota general | Pre - Lectores |
| 500 ## - NOTA GENERAL | |
| Nota general | Incluye datos de los autores |
| 590 ## - NOTA LOCAL | |
| Texto de la nota local | Inventariado, 2023/VM |
| 650 #4 - ENCABEZAMIENTO DE MATERIA--TEMÁTICO | |
| Término temático o nombre geográfico como elemento de entrada | Cuentos infantiles argentinos |
| 650 #4 - ENCABEZAMIENTO DE MATERIA--TEMÁTICO | |
| Término temático o nombre geográfico como elemento de entrada | Libros ilustrados infantiles |
| 700 1# - ASIENTO SECUNDARIO -- NOMBRE PERSONAL | |
| Nombre personal | Lima, Juan |
| 910 ## - VALIDACIÓN | |
| Validación | LOPEREZ/ VMateo V. Control de calidad. BPMSU |
| 942 ## - ADDED ENTRY ELEMENTS (KOHA) | |
| Source of classification or shelving scheme | Dewey Decimal Classification |
| Koha item type | Libros |
| Withdrawn status | Lost status | Source of classification or shelving scheme | Damaged status | Not for loan | Collection code | Home library | Current library | Date acquired | Total Checkouts | Full call number | Barcode | Date last seen | Price effective from | Koha item type | Copy number |
|---|---|---|---|---|---|---|---|---|---|---|---|---|---|---|---|
| Dewey Decimal Classification | Colección Infantil Dominicana | Biblioteca Pública Metropolitana Salomé Ureña | Biblioteca Pública Metropolitana Salomé Ureña | 12/07/2023 | BPMSU CDI A863.6 M779b 2011 | BPMSU23120017 | 12/07/2023 | 12/07/2023 | Libros | ||||||
| Dewey Decimal Classification | Colección Infantil Dominicana | Biblioteca Pública Metropolitana Salomé Ureña | Biblioteca Pública Metropolitana Salomé Ureña | 12/07/2023 | BPMSU CDI A863.6 M779b 2011 | BPMSU24030010 | 03/07/2024 | 12/07/2023 | Libros | e.2 | |||||
| Dewey Decimal Classification | Colección Infantil Dominicana | Biblioteca Pública Metropolitana Salomé Ureña | Biblioteca Pública Metropolitana Salomé Ureña | 12/07/2023 | BPMSU CDI A863.6 M779b 2011 | BPMSU24030011 | 03/07/2024 | 12/07/2023 | Libros | e.3 |